000 00694nam a2200241 a 4500
001 BRCA_5826
005 20190320205229.0
008 110311c1947----sp-a######---#000-0#spa-#
041 _aspa
044 _asp
050 4 _aCR21
_b.A76 1947
100 1 _aArmengol y de Pereyra, Alejandro de
_914756
245 1 0 _aHeráldica
_cAlejandro de Armengol y de Pereyra.
250 _a2
260 _aBarcelona
_bLabor
_c1947
300 _a236 p.
_bil. (algunas a color), 17 láminas
_c19 cm.
440 0 _aColección Labor
_pSección VI Ciencias históricas
_v320
_914757
500 _aIncluye índice alfabético
500 _aG36
650 1 4 _aHeráldica
_91662
902 _aGFM
942 _2lcc
_cB
999 _c5515
_d5515